| 000 -CABECERA |
| Longitud fija campo de control |
01206nam a2200205 a 4500 |
| 003 - IDENTIFICADOR DEL NÚMERO DE CONTROL |
| Identificador del número de control |
OSt |
| 005 - FECHA Y HORA DE LA ÚLTIMA TRANSACCIÓN |
| Fecha y hora de la última transacción |
20241219174755.0 |
| 008 - CÓDIGOS DE INFORMACIÓN DE LONGITUD FIJA |
| Códigos de información de longitud fija |
130130s2009||||||||||||||||||||||||||||d |
| 040 ## - FUENTE DE LA CATALOGACIÓN |
| Centro catalogador de origen |
CDMR |
| Lengua de catalogación |
cat |
| Centro transcriptor |
CDMR |
| 110 2# - PUNTO DE ACCESO PRINCIPAL-NOMBRE DE ENTIDAD CORPORATIVA |
| 9 (RLIN) |
2397 |
| Nombre de entidad corporativa o nombre de jurisdicción como elemento inicial |
Grup de Periodistes Ramon Barnils |
| 245 #0 - MENCIÓN DE TÍTULO |
| Título |
Violències masclistes contra periodistes [Recurs electrònic] |
| Resto del título |
: com impacten en les dones en la professió i condicionen l’exercici del periodisme a Catalunya |
| Mención de responsabilidad, etc. |
/ [aquest informe l’ha elaborat Mèdia.cat, l’Observatori Crític dels Mitjans impulsat pel Grup de Periodistes Ramon Barnils, amb el suport de la Fundació Catalunya - Fons per a la Defensa dels Drets dels Catalans ; redacció: Meritxell Rigol] |
| 260 ## - PUBLICACIÓN, DISTRIBUCIÓN, ETC. (PIE DE IMPRENTA) |
| Lugar de publicación, distribución, etc. |
[Barcelona] |
| Nombre del editor, distribuidor, etc. |
: Grup de Periodistes Ramon Barnils |
| Fecha de publicación, distribución, etc. |
, 2024 |
| 300 ## - DESCRIPCIÓN FÍSICA |
| Extensión |
50 pàgines (PDF) |
| 650 #0 - PUNTO DE ACCESO ADICIONAL DE MATERIA - TÉRMINO DE MATERIA |
| 9 (RLIN) |
3818 |
| Término de materia o nombre geográfico como elemento inicial |
Mitjans de comunicació de massa i dones |
| Subdivisión geográfica |
Catalunya |
| 650 #0 - PUNTO DE ACCESO ADICIONAL DE MATERIA - TÉRMINO DE MATERIA |
| 9 (RLIN) |
2913 |
| Término de materia o nombre geográfico como elemento inicial |
Dones periodistes |
| Subdivisión geográfica |
Catalunya |
| 650 #0 - PUNTO DE ACCESO ADICIONAL DE MATERIA - TÉRMINO DE MATERIA |
| 9 (RLIN) |
4838 |
| Término de materia o nombre geográfico como elemento inicial |
Violència envers les dones en els mitjans de comunicació de massa |
| Subdivisión geográfica |
Catalunya |
| 700 ## - PUNTO DE ACCESO ADICIONAL - NOMBRE DE PERSONA |
| 9 (RLIN) |
4997 |
| Nombre de persona |
Rigol, Meritxell |
| 856 ## - LOCALIZACIÓN Y ACCESO ELECTRÓNICO |
| Identificador Uniforme del Recurso (URI) |
<a href="https://www.media.cat/wp-content/uploads/2024/12/informe-violencies-masclistes-periodistes.pdf">https://www.media.cat/wp-content/uploads/2024/12/informe-violencies-masclistes-periodistes.pdf</a> |
| Nota pública |
Accés en línia |
| 942 ## - ENTRADA DE ELEMENTOS AGREGADOS (KOHA) |
| Koha [por defecto] tipo de item |
Recursos en línia |
| Fuente de clasificaión o esquema |
|